000 00465nam a22001817a 4500
003 MPLRDC
005 20220104144504.0
008 210129b ||||| |||| 00| 0 eng d
082 _a448.23 WLGJ
100 _a沃洛格金著, 周维金, 何毓芝译
245 _a高频加热用变压器
_c
250 _a初版
260 _a
_b科学技术出版社
_c1957
300 _b
490 _a高频热处理丛书; 7
650 _a
942 _cBK
_o448.23 WLGJ
999 _c50111
_d50101